<?xml version="1.0" encoding="UTF-8"?><?xml-stylesheet type="text/xsl" href="static/style.xsl"?><OAI-PMH xmlns="http://www.openarchives.org/OAI/2.0/" xmlns:xsi="http://www.w3.org/2001/XMLSchema-instance" xsi:schemaLocation="http://www.openarchives.org/OAI/2.0/ http://www.openarchives.org/OAI/2.0/OAI-PMH.xsd"><responseDate>2026-05-14T06:46:18Z</responseDate><request verb="GetRecord" identifier="oai:riubu.ubu.es:10259/9993" metadataPrefix="marc">https://riubu.ubu.es/oai/request</request><GetRecord><record><header><identifier>oai:riubu.ubu.es:10259/9993</identifier><datestamp>2025-01-29T17:13:53Z</datestamp><setSpec>com_10259_6475</setSpec><setSpec>com_10259_5086</setSpec><setSpec>com_10259_2604</setSpec><setSpec>col_10259_6476</setSpec></header><metadata><record xmlns="http://www.loc.gov/MARC21/slim" xmlns:doc="http://www.lyncode.com/xoai" xmlns:xsi="http://www.w3.org/2001/XMLSchema-instance" xmlns:dcterms="http://purl.org/dc/terms/" xsi:schemaLocation="http://www.loc.gov/MARC21/slim http://www.loc.gov/standards/marcxml/schema/MARC21slim.xsd">
<leader>00925njm 22002777a 4500</leader>
<datafield tag="042" ind1=" " ind2=" ">
<subfield code="a">dc</subfield>
</datafield>
<datafield tag="720" ind1=" " ind2=" ">
<subfield code="a">Caballero Lozano, José María</subfield>
<subfield code="e">author</subfield>
</datafield>
<datafield tag="260" ind1=" " ind2=" ">
<subfield code="c">2022</subfield>
</datafield>
<datafield tag="520" ind1=" " ind2=" ">
<subfield code="a">En la actualidad se halla muy extendida la preocupación por la conservación de la naturaleza, conscientes de que el medio ambiente se encuentra amenazado por el devenir de nuestras sociedades. La Organización de las Naciones Unidas se ha hecho eco de esta inquietud y ha incluido como uno de los Objetivos de Desarrollo Sostenible, con el número 13, «La acción por el clima», que se ha de materializar en «Adoptar medidas urgentes para combatir el cambio climático y sus efectos»</subfield>
</datafield>
<datafield tag="024" ind2=" " ind1="8">
<subfield code="a">978-84-1130-663-8</subfield>
</datafield>
<datafield tag="024" ind2=" " ind1="8">
<subfield code="a">http://hdl.handle.net/10259/9993</subfield>
</datafield>
<datafield tag="024" ind2=" " ind1="8">
<subfield code="a">10.36151/TLB_9788411306638</subfield>
</datafield>
<datafield tag="245" ind1="0" ind2="0">
<subfield code="a">Los derechos de emisión de los gases de efecto invernadero y el Registro de la Propiedad</subfield>
</datafield>
</record></metadata></record></GetRecord></OAI-PMH>